[Event "zonal 2.5"]
[Site "Santiago de Chile CHI"]
[Date "1995.??.??"]
[Round "10"]
[White "Navarro, Nelson"]
[Black "Valiente, Cristobal"]
[Result "0-1"]
[WhiteElo "2270"]
[BlackElo "2335"]
[EventDate "1995.??.??"]
[PlyCount "46"]

1.e4 c6 2.d4 d5 3.e5 Bf5 4.Nc3 e6 5.Be3 Ne7 6.g4 Bg6 7.Nh3 c5 8.Nb5 Nec6 
9.Nf4 a6 10.Nd6+ Bxd6 11.exd6 cxd4 12.Bxd4 O-O 13.Bg2 Nxd4 14.Nxg6 Nxc2+ 
15.Qxc2 hxg6 16.h4 Qxd6 17.h5 g5 18.Rd1 Qe5+ 19.Kf1 Nd7 20.h6 g6 21.h7+ 
Kh8 22.Re1 Rfc8 23.Qb3 Qf4 0-1

[Event "zonal 2.5"]
[Site "Santiago de Chile CHI"]
[Date "1995.??.??"]
[Round "10"]
[White "Sanchez Almeyra, Jorge"]
[Black "Bauza Ortiz, Alejandro"]
[Result "1/2-1/2"]
[WhiteElo "2430"]
[BlackElo "2265"]
[EventDate "1995.??.??"]
[PlyCount "59"]

1.e4 c6 2.d4 d5 3.exd5 cxd5 4.c4 Nf6 5.Nc3 g6 6.Qb3 Bg7 7.cxd5 O-O 8.Be2 
Na6 9.Bf3 Qb6 10.Qxb6 axb6 11.Nge2 Nb4 12.O-O Rd8 13.d6 Rxd6 14.Bf4 Rd7 
15.Rfd1 Nbd5 16.Be5 Rd8 17.Nxd5 Nxd5 18.Bxd5 Rxd5 19.Bxg7 Kxg7 20.Nc3 Rd8 
21.f3 e6 22.Kf2 Bd7 23.d5 exd5 24.Rxd5 Bc6 25.Rxd8 Rxd8 26.Ke3 Re8+ 27.Kf2
Rd8 28.Re1 g5 29.Re2 Kg6 30.Ke3 1/2-1/2

[Event "zonal 2.5"]
[Site "Santiago de Chile CHI"]
[Date "1995.??.??"]
[Round "10"]
[White "Valerga, Diego"]
[Black "Soppe, Guillermo"]
[Result "1/2-1/2"]
[WhiteElo "2465"]
[BlackElo "2445"]
[EventDate "1995.??.??"]
[PlyCount "40"]

1.c4 Nf6 2.d4 c6 3.Nc3 d5 4.e3 a6 5.Nf3 b5 6.b3 Bg4 7.h3 Bxf3 8.Qxf3 e6 9.
Bd2 Bb4 10.Bd3 O-O 11.a3 bxc4 12.bxc4 Ba5 13.O-O Nbd7 14.Qe2 c5 15.cxd5 
exd5 16.Bxa6 cxd4 17.exd4 Qb6 18.Bb5 Qxd4 19.Rac1 Rfe8 20.Be3 Qe5 1/2-1/2

[Event "zonal 2.5"]
[Site "Santiago de Chile CHI"]
[Date "1995.??.??"]
[Round "11"]
[White "Bauza Ortiz, Alejandro"]
[Black "Valerga, Diego"]
[Result "1/2-1/2"]
[WhiteElo "2265"]
[BlackElo "2465"]
[EventDate "1995.??.??"]
[PlyCount "29"]

1.Nf3 Nf6 2.g3 b6 3.Bg2 Bb7 4.O-O g6 5.b3 Bg7 6.Bb2 c5 7.c4 O-O 8.Nc3 d5 
9.Nxd5 Nxd5 10.Bxg7 Kxg7 11.cxd5 Qxd5 12.d4 cxd4 13.Qxd4+ Qxd4 14.Nxd4 
Bxg2 15.Kxg2 1/2-1/2

[Event "zonal 2.5"]
[Site "Santiago de Chile CHI"]
[Date "1995.??.??"]
[Round "11"]
[White "Bianchi, Guillermo"]
[Black "Arancibia Guzman, Eduardo"]
[Result "1-0"]
[WhiteElo "2425"]
[BlackElo "2320"]
[EventDate "1995.??.??"]
[PlyCount "79"]

1.f4 c5 2.Nf3 Nc6 3.e3 g6 4.Be2 Bg7 5.O-O Nh6 6.Qe1 d6 7.d3 O-O 8.Nc3 e5 
9.e4 f5 10.fxe5 Nd4 11.Bd1 Nxf3+ 12.Bxf3 dxe5 13.Be3 f4 14.Bxc5 Rf7 15.Qe2
g5 16.g4 Be6 17.h3 Bf6 18.Nd5 Kg7 19.c3 b6 20.Bf2 Bxd5 21.exd5 Ng8 22.c4 
Rc8 23.Be1 Ne7 24.Bc3 Qd6 25.Rae1 Ng6 26.Qd2 Qc5+ 27.Kh1 Rh8 28.Re4 Qc8 
29.Qh2 Qa6 30.b4 Qc8 31.Kg1 Qc7 32.Qb2 Rc8 33.a3 Re7 34.Rfe1 Kf7 35.Rc1 
Qd7 36.Be1 Kg7 37.Qh2 Qa4 38.Qa2 Rec7 39.d6 Rd7 40.b5 1-0

[Event "zonal 2.5"]
[Site "Santiago de Chile CHI"]
[Date "1995.??.??"]
[Round "11"]
[White "Godoy Bugueno, David"]
[Black "Sanchez Almeyra, Jorge"]
[Result "0-1"]
[WhiteElo "2355"]
[BlackElo "2430"]
[EventDate "1995.??.??"]
[PlyCount "56"]

1.e4 c5 2.Nf3 e6 3.d4 cxd4 4.Nxd4 Nf6 5.Nc3 d6 6.g4 e5 7.Bb5+ Bd7 8.Bxd7+ 
Qxd7 9.Nf5 h5 10.Bg5 Nh7 11.Bd2 hxg4 12.h3 g6 13.Ne3 Nf6 14.f4 Nc6 15.Rf1 
gxh3 16.Qf3 Nd4 17.Qh1 Bh6 18.Ncd5 Nxd5 19.Nxd5 O-O-O 20.O-O-O Bxf4 21.
Bxf4 Ne2+ 22.Kb1 Nxf4 23.Nxf4 exf4 24.Qh2 g5 25.Qg1 Qb5 26.Rd5 Qe2 27.Rxg5
h2 28.Qh1 Qxf1+ 0-1

[Event "zonal 2.5"]
[Site "Santiago de Chile CHI"]
[Date "1995.??.??"]
[Round "11"]
[White "Peralta, Eduardo"]
[Black "Navarro, Nelson"]
[Result "1/2-1/2"]
[WhiteElo "2275"]
[BlackElo "2270"]
[EventDate "1995.??.??"]
[PlyCount "159"]

1.Nf3 d6 2.d4 Nf6 3.c4 g6 4.g3 Bg7 5.Bg2 O-O 6.O-O Nbd7 7.Nc3 c6 8.b3 e5 
9.dxe5 dxe5 10.Bb2 Re8 11.Qc2 Nf8 12.Rad1 Qa5 13.a3 Bf5 14.e4 Bg4 15.h3 
Bxf3 16.Bxf3 Ne6 17.Ne2 Qc7 18.Bg2 h5 19.c5 h4 20.b4 Rad8 21.Nc1 Nh5 22.
Kh2 Nd4 23.Qc4 Rd7 24.Rd3 b5 25.cxb6 axb6 26.Rfd1 b5 27.Qa2 Red8 28.Bc3 
Bh6 29.Qb1 Bxc1 30.Rxc1 hxg3+ 31.fxg3 Ne2 32.Rxd7 Rxd7 33.Rc2 Nxc3 34.Rxc3
Ng7 35.Qc1 Rd6 36.Rc5 Qd7 37.Rc2 Ne6 38.h4 Rd1 39.Qb2 Nd4 40.Rf2 g5 41.Qc3
gxh4 42.Qe3 Qg4 43.gxh4 Qxh4+ 44.Bh3 Re1 45.Qxe1 Nf3+ 46.Rxf3 Qxe1 47.Bf5 
Qe2+ 48.Kg3 Kg7 49.Rf2 Qe3+ 50.Rf3 Qg1+ 51.Kh3 Qh1+ 52.Kg3 Kh6 53.Kf2 Qh2+
54.Kf1 Kg5 55.Rh3 Qd2 56.Rf3 Kf6 57.Bd7+ Ke7 58.Bf5 Kd6 59.Bh7 c5 60.bxc5+
Kxc5 61.Bf5 Kb6 62.Bh7 Ka6 63.Bf5 Ka5 64.Rh3 Ka4 65.Rf3 Qb2 66.Rh3 Qd2 67.
Rf3 Ka5 68.Rh3 Kb6 69.Rf3 Kc5 70.Bh7 Kd6 71.Bf5 Ke7 72.Bh7 Kf8 73.Bf5 Kg7 
74.Rh3 Kf6 75.Rf3 Kg5 76.Kg1 Qe2 77.Rh3 f6 78.Bh7 Kf4 79.Bf5 Qe1+ 80.Kg2 
1/2-1/2

[Event "zonal 2.5"]
[Site "Santiago de Chile CHI"]
[Date "1995.??.??"]
[Round "11"]
[White "Quiroga, Facundo"]
[Black "Cortes Moyano, Julio"]
[Result "1-0"]
[WhiteElo "2440"]
[BlackElo "2345"]
[EventDate "1995.??.??"]
[PlyCount "95"]

1.d4 Nf6 2.c4 g6 3.Nc3 Bg7 4.e4 d6 5.Nf3 O-O 6.Be2 e5 7.O-O Na6 8.Re1 Bg4 
9.Be3 Qe7 10.dxe5 dxe5 11.Nd5 Nxd5 12.cxd5 Bxf3 13.Bxf3 Rfd8 14.Be2 c6 15.
Bxa6 bxa6 16.Qa4 cxd5 17.exd5 Rxd5 18.Qxa6 e4 19.Rab1 Rd6 20.Qa4 Qe6 21.a3
Ra6 22.Qb5 Be5 23.Red1 Rb8 24.Qe2 Ra5 25.h3 a6 26.Bd4 Rab5 27.b4 a5 28.Ba7
R8b7 29.Bc5 Kg7 30.a4 Rxb4 31.Bxb4 axb4 32.Kf1 Bc3 33.Qe3 Re7 34.Qc5 Qa6+ 
35.Kg1 Ra7 36.Rd8 Kh6 37.Qf8+ Bg7 38.Qxb4 Qa5 39.Re8 f5 40.Qxa5 Rxa5 41.
Rb4 Ra7 42.g3 Kg5 43.Reb8 Rc7 44.R8b7 Rc1+ 45.Kg2 Bc3 46.Rc4 Rc2 47.h4+ 
Kh6 48.Kh3 1-0

[Event "zonal 2.5"]
[Site "Santiago de Chile CHI"]
[Date "1995.??.??"]
[Round "11"]
[White "Soppe, Guillermo"]
[Black "Izquierdo Saravia, Daniel"]
[Result "1/2-1/2"]
[WhiteElo "2445"]
[BlackElo "2320"]
[EventDate "1995.??.??"]
[PlyCount "45"]

1.e4 e5 2.Nf3 Nc6 3.Bb5 a6 4.Ba4 Nge7 5.O-O Ng6 6.c3 d6 7.d4 Bd7 8.d5 Nb8 
9.c4 Be7 10.Nc3 O-O 11.Be3 Nh4 12.Nxh4 Bxh4 13.Qd2 b6 14.Bc2 h6 15.g3 Be7 
16.f4 Bh3 17.Rf3 Nd7 18.f5 Bg5 19.g4 Bxe3+ 20.Qxe3 Bxg4 21.Rg3 Qh4 22.Kh1 
g5 23.Rag1 1/2-1/2

[Event "zonal 2.5"]
[Site "Santiago de Chile CHI"]
[Date "1995.??.??"]
[Round "11"]
[White "Valiente, Cristobal"]
[Black "Morovic Fernandez, Ivan"]
[Result "0-1"]
[WhiteElo "2335"]
[BlackElo "2575"]
[EventDate "1995.??.??"]
[PlyCount "72"]

1.e4 c6 2.d4 d5 3.e5 Bf5 4.c4 e6 5.Nc3 Nd7 6.a3 Ne7 7.c5 f6 8.f4 fxe5 9.
fxe5 Ng6 10.Nf3 Be7 11.Be2 O-O 12.O-O Bg4 13.h3 Bxf3 14.Bxf3 Bg5 15.Bg4 
Rxf1+ 16.Qxf1 Ndf8 17.g3 Bxc1 18.Qxc1 b6 19.Ne2 a5 20.b4 b5 21.h4 Ra7 22.
Qc3 Qa8 23.Rf1 axb4 24.axb4 Qe8 25.Qd2 Rf7 26.Rxf7 Qxf7 27.Qa2 Nxh4 28.Qa8
Nf3+ 29.Kh1 h5 30.Bh3 g5 31.Qa3 g4 32.Bg2 Qf5 33.Bxf3 gxf3 34.Nf4 Qb1+ 35.
Kh2 f2 36.Nxh5 f1=Q 0-1

[Event "zonal 2.5"]
[Site "Santiago de Chile CHI"]
[Date "1995.??.??"]
[Round "12"]
[White "Arancibia Guzman, Eduardo"]
[Black "Quiroga, Facundo"]
[Result "1-0"]
[WhiteElo "2320"]
[BlackElo "2440"]
[EventDate "1995.??.??"]
[PlyCount "117"]

1.Nf3 Nf6 2.g3 b6 3.c4 Bb7 4.Bg2 e6 5.O-O Be7 6.d4 O-O 7.Nc3 Ne4 8.Bd2 f5 
9.d5 Bf6 10.Rc1 Na6 11.Be1 Nac5 12.b4 Bxc3 13.Bxc3 Nxc3 14.Rxc3 Ne4 15.Rc1
a5 16.a3 axb4 17.axb4 Ra2 18.dxe6 dxe6 19.e3 Qe7 20.Nd4 c5 21.bxc5 bxc5 
22.Qb3 Rfa8 23.Nxe6 Bc6 24.Bxe4 Bxe4 25.Nf4 Rd2 26.f3 Bd3 27.Nd5 Qe5 28.
Rfd1 Bc2 29.Qb7 Rb8 30.Qxb8+ Qxb8 31.Rxd2 Ba4 32.Nc3 Bc6 33.Nd5 Qe5 34.Kf2
h6 35.Rb1 Kh7 36.Kg2 Ba4 37.Ra2 Bc6 38.Rd1 Bb7 39.Kf2 Bc6 40.Rdd2 Bb7 41.
Ra7 Bc6 42.Ra5 Be8 43.Kg2 Qb8 44.Rxc5 Qb1 45.Rc7 Qc1 46.Ra2 Ba4 47.h4 Bd1 
48.h5 Bxf3+ 49.Kxf3 Qf1+ 50.Rf2 Qh1+ 51.Ke2 Qxh5+ 52.Kd2 Qh3 53.Rf7 Kg8 
54.R2xf5 Qxg3 55.c5 Qg2+ 56.Kc3 Qh1 57.c6 Kh7 58.c7 Qa1+ 59.Kb4 1-0

[Event "zonal 2.5"]
[Site "Santiago de Chile CHI"]
[Date "1995.??.??"]
[Round "12"]
[White "Bauza Ortiz, Alejandro"]
[Black "Godoy Bugueno, David"]
[Result "1-0"]
[WhiteElo "2265"]
[BlackElo "2355"]
[EventDate "1995.??.??"]
[PlyCount "89"]

1.Nf3 c5 2.g3 g6 3.Bg2 Bg7 4.d4 cxd4 5.Nxd4 Qb6 6.Nf3 Nc6 7.O-O d6 8.e4 
Nf6 9.h3 Qc7 10.Nc3 Bd7 11.Re1 O-O 12.Nd5 Qc8 13.Kh2 Re8 14.c3 Ne5 15.Bg5 
Nxd5 16.exd5 Nc4 17.Re2 a5 18.a4 e5 19.dxe6 fxe6 20.Nd4 Kh8 21.b3 Ne5 22.
c4 Bc6 23.Nxc6 bxc6 24.Be3 Rb8 25.f4 Nf7 26.Bd4 e5 27.fxe5 Nxe5 28.Rc1 c5 
29.Bc3 Qc7 30.Rd2 Rbd8 31.Rd5 Nc6 32.Bxg7+ Qxg7 33.Rxd6 Nd4 34.Rxd8 Rxd8 
35.Qe1 Qc7 36.Rc3 h5 37.Kh1 Kh7 38.g4 Kh6 39.gxh5 g5 40.Re3 Rf8 41.Re5 Nf3
42.Bxf3 Rxf3 43.Qe4 Qf7 44.Kg2 Rf4 45.Qg6+ 1-0

[Event "zonal 2.5"]
[Site "Santiago de Chile CHI"]
[Date "1995.??.??"]
[Round "12"]
[White "Cortes Moyano, Julio"]
[Black "Soppe, Guillermo"]
[Result "1/2-1/2"]
[WhiteElo "2345"]
[BlackElo "2445"]
[EventDate "1995.??.??"]
[PlyCount "54"]

1.e4 c6 2.d4 d5 3.Nd2 dxe4 4.Nxe4 Nf6 5.Nxf6+ gxf6 6.c3 Bf5 7.Bc4 e6 8.g4 
Be4 9.f3 Bd5 10.Bxd5 Qxd5 11.Qb3 Qd7 12.Be3 h5 13.O-O-O Na6 14.Ne2 O-O-O 
15.Ng3 hxg4 16.fxg4 Rh3 17.Bf4 Nc7 18.c4 Bd6 19.Qf3 Ne8 20.Kb1 Bxf4 21.
Qxf4 Qd6 22.Qf1 Rh4 23.Ne4 Qe7 24.Qg2 Nd6 25.Qg3 Rh6 26.Qa3 Kb8 27.h4 Qc7 
1/2-1/2

[Event "zonal 2.5"]
[Site "Santiago de Chile CHI"]
[Date "1995.??.??"]
[Round "12"]
[White "Morovic Fernandez, Ivan"]
[Black "Peralta, Eduardo"]
[Result "1-0"]
[WhiteElo "2575"]
[BlackElo "2275"]
[EventDate "1995.??.??"]
[PlyCount "107"]

1.d4 Nf6 2.c4 g6 3.Nc3 d6 4.e4 Bg7 5.Nf3 O-O 6.Be2 c5 7.O-O Nc6 8.d5 Na5 
9.Bf4 Nh5 10.Bg5 h6 11.Be3 e5 12.dxe6 Bxe6 13.Nd2 Nf6 14.Rc1 b6 15.b3 Nc6 
16.h3 Re8 17.Nf3 Bc8 18.Bd3 Bb7 19.Bb1 Re6 20.Re1 a6 21.Qd2 Qf8 22.Rcd1 
Rae8 23.Qc1 Nb8 24.Bf4 Nbd7 25.Qd2 Ne5 26.Nxe5 dxe5 27.Be3 Rc8 28.a3 Bc6 
29.Nd5 Bxd5 30.cxd5 Rd6 31.Rc1 Nd7 32.Qe2 a5 33.Bd3 Qd8 34.Qd2 Kh7 35.Rc2 
Bf8 36.Rec1 Be7 37.b4 axb4 38.axb4 Bg5 39.Bb5 Bxe3 40.Qxe3 Nf6 41.bxc5 
bxc5 42.Rxc5 Rxc5 43.Bc6 Qb6 44.f3 Nh5 45.Qxc5 Qb2 46.Qc2 Qd4+ 47.Qf2 Qd3 
48.Be8 Qa3 49.Rc7 Ra6 50.Bxf7 Qa1+ 51.Kh2 Ra2 52.Qg1 Qb2 53.d6 Ra1 54.Ba2+
1-0

[Event "zonal 2.5"]
[Site "Santiago de Chile CHI"]
[Date "1995.??.??"]
[Round "12"]
[White "Navarro, Nelson"]
[Black "Bianchi, Guillermo"]
[Result "1/2-1/2"]
[WhiteElo "2270"]
[BlackElo "2425"]
[EventDate "1995.??.??"]
[PlyCount "30"]

1.d4 f5 2.g3 e6 3.Bg2 Nf6 4.Nf3 Be7 5.c4 d6 6.O-O O-O 7.Nc3 Qe8 8.b3 Qh5 
9.Ba3 g5 10.c5 d5 11.Nb5 Ne8 12.Ne5 Nc6 13.e3 g4 14.h3 Qg5 15.hxg4 Nxe5 
1/2-1/2

[Event "zonal 2.5"]
[Site "Santiago de Chile CHI"]
[Date "1995.??.??"]
[Round "12"]
[White "Sanchez Almeyra, Jorge"]
[Black "Valiente, Cristobal"]
[Result "1/2-1/2"]
[WhiteElo "2430"]
[BlackElo "2335"]
[EventDate "1995.??.??"]
[PlyCount "122"]

1.e4 e5 2.Nf3 Nc6 3.Bb5 a6 4.Ba4 Nf6 5.O-O Be7 6.Bxc6 dxc6 7.Qe1 Nd7 8.b3 
O-O 9.Bb2 Bf6 10.d3 Re8 11.Nbd2 g6 12.a4 Bg7 13.Nc4 f6 14.Nfd2 Nf8 15.f4 
exf4 16.Rxf4 Ne6 17.Rf2 Nd4 18.Nf3 f5 19.Nxd4 Bxd4 20.Bxd4 Qxd4 21.Rd1 Be6
22.Qe3 Qxe3 23.Nxe3 fxe4 24.dxe4 Red8 25.Rfd2 Rxd2 26.Rxd2 a5 27.Nd1 Kf7 
28.Kf2 Ke7 29.Ke3 b6 30.Nb2 Rb8 31.Nd3 Bd7 32.Rf2 Be8 33.h4 c5 34.Nf4 c6 
35.Rd2 b5 36.Nd3 c4 37.Nc5 cxb3 38.cxb3 bxa4 39.bxa4 Rb1 40.Rd3 Rg1 41.Rb3
Rxg2 42.Kd4 Rd2+ 43.Ke5 h6 44.Rb7+ Bd7 45.Ra7 g5 46.hxg5 hxg5 47.Nxd7 Rxd7
48.Rxa5 g4 49.Ra8 g3 50.Rg8 Rd3 51.Rg7+ Kf8 52.Rg4 Ke7 53.Rg7+ Kf8 54.Rg5 
Ke7 55.Kf4 Ra3 56.Rxg3 Rxa4 57.Kf5 c5 58.Rg7+ Kf8 59.Rc7 Ra6 60.e5 c4 61.
e6 Ra1 1/2-1/2

[Event "zonal 2.5"]
[Site "Santiago de Chile CHI"]
[Date "1995.??.??"]
[Round "12"]
[White "Valerga, Diego"]
[Black "Izquierdo Saravia, Daniel"]
[Result "1/2-1/2"]
[WhiteElo "2465"]
[BlackElo "2320"]
[EventDate "1995.??.??"]
[PlyCount "31"]

1.Nf3 Nf6 2.b4 g6 3.Bb2 Bg7 4.g3 O-O 5.Bg2 c6 6.c4 a5 7.bxa5 d5 8.cxd5 
cxd5 9.O-O Nc6 10.d3 Rxa5 11.Nbd2 Qd6 12.Nb3 Ra8 13.a4 Re8 14.Nfd4 Nxd4 
15.Nxd4 Bd7 16.Qb3 1/2-1/2

[Event "zonal 2.5"]
[Site "Santiago de Chile CHI"]
[Date "1995.??.??"]
[Round "13"]
[White "Bianchi, Guillermo"]
[Black "Morovic Fernandez, Ivan"]
[Result "1/2-1/2"]
[WhiteElo "2425"]
[BlackElo "2575"]
[EventDate "1995.??.??"]
[PlyCount "48"]

1.e4 c6 2.d4 d5 3.e5 Bf5 4.Nc3 e6 5.g4 Bg6 6.Nge2 Ne7 7.Nf4 c5 8.h4 cxd4 
9.Nb5 Nec6 10.h5 Be4 11.f3 Bxf3 12.Qxf3 Nxe5 13.Qe2 Nbc6 14.c3 dxc3 15.
bxc3 Bc5 16.Nd3 Nxd3+ 17.Qxd3 O-O 18.h6 g6 19.Be2 e5 20.Ba3 e4 21.Qd2 b6 
22.Nd4 Nxd4 23.Bxc5 Nf3+ 24.Bxf3 bxc5 1/2-1/2

[Event "zonal 2.5"]
[Site "Santiago de Chile CHI"]
[Date "1995.??.??"]
[Round "13"]
[White "Godoy Bugueno, David"]
[Black "Valerga, Diego"]
[Result "0-1"]
[WhiteElo "2355"]
[BlackElo "2465"]
[EventDate "1995.??.??"]
[PlyCount "84"]

1.e4 c6 2.d4 d5 3.Nc3 dxe4 4.Nxe4 Bf5 5.Nc5 Qb6 6.g4 Bg6 7.f4 e6 8.Qe2 Be7
9.Bg2 Nf6 10.c3 O-O 11.Be3 Bxc5 12.dxc5 Qa6 13.Qxa6 Nxa6 14.h3 Be4 15.Bxe4
Nxe4 16.O-O-O Naxc5 17.Ne2 Rfd8 18.Kc2 a5 19.Nd4 a4 20.Rhe1 g6 21.Bg1 f5 
22.Nf3 Nd7 23.g5 Kf7 24.Nd2 Nxd2 25.Rxd2 Nf8 26.Rde2 Re8 27.c4 Nd7 28.Rd2 
Re7 29.Bd4 e5 30.fxe5 Rae8 31.Rde2 Nf8 32.Bc5 Ne6 33.Bxe7 Nd4+ 34.Kc3 
Nxe2+ 35.Rxe2 Rxe7 36.Kb4 Ke6 37.Kxa4 f4 38.Kb4 f3 39.Re1 Kf5 40.Kc3 Kf4 
41.Kd4 c5+ 42.Kd3 f2 0-1

[Event "zonal 2.5"]
[Site "Santiago de Chile CHI"]
[Date "1995.??.??"]
[Round "13"]
[White "Izquierdo Saravia, Daniel"]
[Black "Cortes Moyano, Julio"]
[Result "0-1"]
[WhiteElo "2320"]
[BlackElo "2345"]
[EventDate "1995.??.??"]
[PlyCount "142"]

1.Nf3 Nf6 2.d4 g6 3.c4 Bg7 4.Nc3 d6 5.e4 O-O 6.Be2 e5 7.O-O Nc6 8.Be3 Ng4 
9.Bg5 f6 10.Bc1 f5 11.Bg5 Bf6 12.Bxf6 Nxf6 13.d5 Ne7 14.Nd2 f4 15.b4 g5 
16.f3 h5 17.c5 Rf7 18.Nc4 Rg7 19.Nb5 Ne8 20.Qb3 a6 21.Nc3 Ng6 22.b5 axb5 
23.Nxb5 g4 24.fxg4 hxg4 25.g3 Rh7 26.Rf2 Nf6 27.Nd2 Qf8 28.Bf1 Nh5 29.Bg2 
Kh8 30.cxd6 cxd6 31.Rc1 f3 32.Rc7 Nf6 33.Rxh7+ Kxh7 34.Bf1 Qd8 35.Bd3 Ne8 
36.Nc4 Nh8 37.Nc3 Nf7 38.Nb6 Rb8 39.Nd1 Ng5 40.Rc2 Nh3+ 41.Kf1 Bd7 42.Nf2 
Nxf2 43.Kxf2 Nc7 44.Kf1 Be8 45.Qb2 Kg6 46.Nc4 Na6 47.Ne3 Nc5 48.Rxc5 Qg5 
49.Nxg4 Qxg4 50.Rc7 Qh3+ 51.Kg1 Ba4 52.Qf2 Rf8 53.Bc2 Bb5 54.Rxb7 Qh6 55.
Rxb5 Qc1+ 56.Qf1 Qxc2 57.h4 Qxe4 58.Rb1 Qxd5 59.Kh2 Qxa2+ 60.Kh3 e4 61.Qb5
Qe6+ 62.g4 Qe5 63.h5+ Kg5 64.Qd7 f2 65.Kg2 e3 66.Qh7 Qf6 67.Rb5+ Kh4 68.
Rf5 Qe6 69.Qg7 Rxf5 70.gxf5 Qe4+ 71.Kh2 Qf4+ 0-1

[Event "zonal 2.5"]
[Site "Santiago de Chile CHI"]
[Date "1995.??.??"]
[Round "13"]
[White "Peralta, Eduardo"]
[Black "Sanchez Almeyra, Jorge"]
[Result "0-1"]
[WhiteElo "2275"]
[BlackElo "2430"]
[EventDate "1995.??.??"]
[PlyCount "58"]

1.Nf3 Nf6 2.c4 g6 3.g3 Bg7 4.Bg2 O-O 5.O-O d5 6.cxd5 Nxd5 7.Nc3 Nc6 8.d4 
Nb6 9.e3 e5 10.d5 Na5 11.e4 c6 12.b4 Nac4 13.Qb3 cxd5 14.exd5 Bg4 15.h3 
Bxf3 16.Bxf3 Nd6 17.Rb1 f5 18.Bg2 Rc8 19.Ne2 Nbc4 20.a4 Rf7 21.a5 Rfc7 22.
Rd1 Kh8 23.f4 e4 24.Kh2 Nb5 25.d6 Rd7 26.Rd5 a6 27.Bf1 Rxd6 28.Rc5 Rxc5 
29.bxc5 Nd2 0-1

[Event "zonal 2.5"]
[Site "Santiago de Chile CHI"]
[Date "1995.??.??"]
[Round "13"]
[White "Quiroga, Facundo"]
[Black "Navarro, Nelson"]
[Result "1/2-1/2"]
[WhiteElo "2440"]
[BlackElo "2270"]
[EventDate "1995.??.??"]
[PlyCount "36"]

1.d4 d5 2.c4 e6 3.Nc3 c5 4.cxd5 exd5 5.Nf3 Nc6 6.g3 Nf6 7.Bg2 Be7 8.O-O 
O-O 9.Bg5 cxd4 10.Nxd4 h6 11.Be3 Re8 12.Nb3 Be6 13.Bc5 Rc8 14.Re1 Qd7 15.
Bxe7 Rxe7 16.Nb5 Bg4 17.Bf3 Bxf3 18.exf3 g6 1/2-1/2

[Event "zonal 2.5"]
[Site "Santiago de Chile CHI"]
[Date "1995.??.??"]
[Round "13"]
[White "Soppe, Guillermo"]
[Black "Arancibia Guzman, Eduardo"]
[Result "1/2-1/2"]
[WhiteElo "2445"]
[BlackElo "2320"]
[EventDate "1995.??.??"]
[PlyCount "31"]

1.Nf3 Nf6 2.d4 c5 3.e3 e6 4.Bd3 Nc6 5.O-O d5 6.b3 Bd6 7.Bb2 Qc7 8.c4 O-O 
9.Nc3 a6 10.Rc1 cxd4 11.exd4 Bf4 12.Rb1 dxc4 13.bxc4 Nb4 14.Ne2 Nxd3 15.
Qxd3 b5 16.Nxf4 1/2-1/2